| 000 | 01301aam a2200325 i 4500 | ||
|---|---|---|---|
| 999 |
_c46068 _d46068 |
||
| 001 | 768714001 | ||
| 003 | CO-MdFUSB | ||
| 005 | 20201027105829.0 | ||
| 007 | ta | ||
| 008 | 200517t1947 enk |||| |||| 00| 0 enk d | ||
| 020 | _a[No incluye ISBN] | ||
| 040 |
_bspa. _aCO-MdFUSB _cCO-MdFUSB _dCO-MdFUSBC _erda |
||
| 041 | _aeng | ||
| 082 |
_223 _a226.507 _bH826 |
||
| 100 | 1 |
_aHoskyns, Edwyn Clement _eautor |
|
| 245 | 1 | 4 |
_aThe fourth gospel _c/ Edwyn Clement Hoskyns ; editado por Francis Noel Davey |
| 264 | 1 |
_aLondres : _b Faber and Faber, _c[1947] |
|
| 264 | 4 | _c© 1947 | |
| 300 |
_a2 volúmenes _c; 23 cm |
||
| 336 |
_atexto _btxt _2rdacontent |
||
| 337 |
_2rdamedia _asin mediación _bn |
||
| 338 |
_2rdacarrier _avolumen _bnc |
||
| 505 | _aVolumen 1: Introducción - El problema del cuarto Evangelio - La controversia - El evangelista y sus lectores - La tensión histórica del cuarto Evangelio - La autoridad del cuarto Evangelio - El cuarto Evangelio en el siglo II - La tensión teológica del cuarto evangelio - Comentario sobre Juan 1-6 - \ Volumen 2: Comentario sobre Juan 7-21 | ||
| 563 | _aPasta dura | ||
| 630 | 7 |
_aBiblia. _pJuan _xCrítica, interpretación, etc. |
|
| 700 |
_93760 _aDavey, Francis Noel _eeditor |
||
| 942 | _cBK | ||
| 945 | _aJTF-925 | ||